000 00885nam a2200217 a 4500
001 000042041
003 DO-SdBNP
005 20240221092416.0
008 130927s1986 sp 000 0 spa d
020 _a8400062655
040 _aDO-SdBNP
_bspa
_cBNPHU
110 2 _aIglesia Católica.
_969023
_bDiocese de Puerto Rico
_bSinodo (1645)
245 1 0 _aSínodo de San Juan de Puerto Rico de 1645 /
_cDamián López de Haro.
260 _aMadrid :
_bCentro de Estudios Históricos del CSIC,
_aSalamanca :
_b Instituto de Historia de la Teología Española de la UPS,
_c1986.
300 _a170 p. ;
_c24 cm.
490 0 _aTierra nueva e cielo nuevo
_v4
504 _aIncluye referencias bibliográficas y notas al pie de las páginas
700 1 _aLópez de Haro, Damián
_eed.
_969024
710 2 _aConsejo Superior de Investigaciones Científicas, (España)
_963834
942 _2ddc
_cLBS1
999 _c41530
_d41530